000 00830nam a2200253Ia 4500
003 OSt
005 20220923221342.0
006 a|||||r|||| 00| 0
007 ta
008 220922b |||||||| |||| 00| 0 hin d
024 _a197,360
037 _cTextual
040 _aARTS
_cARTS
_bhin
041 _2hin
_ahin
082 _aO152,6NMA2x, J0
100 _aमिश्र, भुवनेश्वरनाथ
245 0 _aहॅंसता जीवन
246 _aHaॅansatā jīvana
260 _aपटना
_b वितरण पारिजात प्रका0
_c1950
300 _a182पृ.
_ccm.
650 _aहिन्दी साहित्य
_9156264
942 _hO152,6NMA2x, J0
_cTEXL
_2CC
999 _c349231
_d349231